000 00666nam a2200205Ia 4500
003 IN-BaIIA
008 211028s9999 xx 000 0 eng d
020 _a0-08-026342-9
040 _cIIA Library
080 _a52-37
_bEXT
245 0 _aExtraterrestrials where are they?
_cedited by Michael H. Hart and Ben Zuckerman
260 _aNew York
_bPergamon Press
_c1982
300 _aix, 182p.
650 _aAstronomy and astrophysics thesaurus
650 _aExtraterrestrial life
_94250
650 _aOrigin of life
_93519
700 _aHart, Michael H., ed.
_912564
700 _aZuckerman, Ben., ed.
_912565
942 _cBK
999 _c7329
_d7329